Girls names that also can be boy names Quiz Stats

 Plays Quiz not verified by Sporcle

Challenge
Share
Tweet
Embed
Score 0/21 Timer 06:00
0 Plays Today
% Correct
Sam
30.1%
Alex
30.1%
Jordan
30.1%
Ashley
26.5%
Riley
11.8%
Bobby
9.6%
Terry
9.6%
Danny
8.8%
Cameron
7.4%
Stacey
7.4%
Avery
6.6%
% Correct
Peyton
5.9%
Tracey
5.9%
Christian
5.1%
Dana
5.1%
Corey
4.4%
Marty
3.7%
Jaden
2.9%
Cody
2.9%
Jerry
2.9%
Marin
0%

You're not logged in!

Compare scores with friends on all Sporcle quizzes.
Join for Free
OR
Log In

You Might Also Like...

Show Comments

Extras

Created Jul 19, 2010ReportNominate
Tags:boy, girl

Top Quizzes Today


Score Distribution

Your Account Isn't Verified!

In order to create a playlist on Sporcle, you need to verify the email address you used during registration. Go to your Sporcle Settings to finish the process.

Report this User

Report this user for behavior that violates our Community Guidelines.

Details: